Draft: Block Management Sector Code consultation (Record no. 121471)

MARC details
000 -LEADER
fixed length control field 01748nam a22002897a 4500
008 - FIXED-LENGTH DATA ELEMENTS--GENERAL INFORMATION
fixed length control field 230425s2021 xxk|||||o|||| 00| 0 eng d
041 ## - LANGUAGE CODE
Language code of text/sound track or separate title eng
110 ## - MAIN ENTRY--CORPORATE NAME
Corporate author Royal Institution of Chartered Surveyors
245 ## - TITLE STATEMENT
Title Draft: Block Management Sector Code consultation
Medium [Electronic resource]
260 ## - PUBLICATION INFORMATION
Place of publication London,
Publisher Royal Institution of Chartered Surveyors,
Date August 2021
300 ## - PHYSICAL DESCRIPTION
Physical description 20p.
490 ## - SERIES TITLE
Series statement RICS Consultation
490 ## - SERIES TITLE
Series statement RICS Code of Practice
520 ## - ABSTRACT
Abstract The Block Management Sector Code ('this Code') has been developed alongside the Overarching Code of Practice for Residential Property Agents ('the Overarching Code'). The Overarching Code sets out the high-level principles that underpin the standards of professionalism expected of all property agents. This Code takes the principles set out in the Overarching Code and applies them to agents involved in the management of leasehold and commonhold property, and estates of freehold houses.The principles apply to the conduct and behaviour of managing agents (as firms) and staff (as individuals), and comprise a framework for ethical and competent practice.
520 ## - ABSTRACT
Abstract Consultation opened 4 August 2021 and closed 14 September 2021.
520 ## - ABSTRACT
Abstract As of April 2023 this has not progressed to a final standard and is with the DHLUC for input.
650 ## - KEYWORDS
Keywords BLOCK MANAGEMENT
650 ## - KEYWORDS
Keywords LEASEHOLD PROPERTY
650 ## - KEYWORDS
Keywords MANAGING AGENTS
650 ## - KEYWORDS
Keywords RESIDENTIAL PROPERTY
651 ## - SUBJECT ADDED ENTRY--GEOGRAPHIC NAME
Geographic name United Kingdom
690 ## - BROAD SUBJECT
9 (RLIN) 6220
Broad subject Block management
690 ## - BROAD SUBJECT
9 (RLIN) 6252
Broad subject Landlord and tenant
710 ## - ADDED CORPORATE NAME
Added corporate author Royal Institution of Chartered Surveyors
856 ## - ONLINE RESOURCE
Uniform Resource Identifier <a href="https://consultations.intstandards.org/blockmanagement">https://consultations.intstandards.org/blockmanagement</a>
Public note Consultation documents available here
942 ## - ADDED ENTRY ELEMENTS (KOHA)
Suppress in OPAC Do not suppress in OPAC
Holdings
Lost status Source of classification or shelving scheme Damaged status Not for loan Current library Shelving location Date acquired Total Checkouts Full call number Date last seen Price effective from Koha item type
  Dewey Decimal Classification     Virtual Online 25/04/2023   RICS iConsult 25/04/2023 25/04/2023 Online material